| 000 | 00854nam a2200253 a 4500 | ||
|---|---|---|---|
| 001 | BRCA_4873 | ||
| 005 | 20190320204835.0 | ||
| 008 | 141010s1978----sp-#######---#000-0#spa-# | ||
| 020 | _a8402007295 | ||
| 041 | _aspa | ||
| 044 | _asp | ||
| 050 | 4 |
_aPQ6324 _b.C47 1978 |
|
| 100 | 1 |
_aCervantes Saavedra, Miguel de _d1547-1616 _9213 |
|
| 245 | 1 | 0 |
_aNovelas ejemplares _cMiguel de Cervantes Saavedra ; estudios preliminares de Juan Alcina Franch, serie dirigida por Angeles Cardona de Gilbert y Enrique Rodríguez Villanova. |
| 250 | _a5 | ||
| 260 |
_aParets del Valles (Barcelona) _bBruguera _c1978 |
||
| 300 |
_a670 p. _c17 cm. |
||
| 650 | 1 | 4 |
_aLiteratura _zEspaña _912333 |
| 700 | 1 |
_aAlcina Franch, Juan _912334 |
|
| 700 | 1 |
_aCardona de Gilbert, Angeles _912335 |
|
| 700 | 1 |
_aRodríguez Villanova, Enrique _912336 |
|
| 902 | _aCERV | ||
| 942 |
_2lcc _cB |
||
| 999 |
_c4567 _d4567 |
||